00307nam a2200109Ia 4500008004100000020002200041041000800063100002800071245006500099260002500164300000800189240521s2010 xx 000 0 und d a978-3-8365-2010-2 aeng aSMITH A.C. AND SMITH S. aDEVELOPING YOUR DESIGN PROCESS, SIX KEY CONCEPTS FOR STUDIO. bROUTLEDGE ,USAc2010 a397